Hospodársky vývoj Slovenska v roku 2005 (štúdia vypracovaná na požiadanie Európskej hospodárskej komisie OSN)

Guardado en:
Detalles Bibliográficos
Autor principal: Okáli, Ivan
Formato: Libro
Lenguaje:eslovaco
Publicado: Bratislava Ekonomický ústav SAV 2006
Materias:
Etiquetas: Agregar Etiqueta
Sin Etiquetas, Sea el primero en etiquetar este registro!

MARC

LEADER 00000nam$a2200000$$$4500
001 0049390
005 20220913104324.6
020 |a 80-7144-149-X 
041 0 |a slo 
044 |a SK 
245 1 0 |a Hospodársky vývoj Slovenska v roku 2005  |b (štúdia vypracovaná na požiadanie Európskej hospodárskej komisie OSN)  |c Ivan Okáli a kolektív 
264 1 |a Bratislava  |b Ekonomický ústav SAV  |c 2006 
300 |a 62 s. 
610 2 0 |a vývoj hospodársky 
610 2 0 |a Slovensko 
610 2 0 |a produkcia 
610 2 0 |a trh práce 
610 2 0 |a hladina cenová 
610 2 0 |a politika menová 
610 2 0 |a vzťahy hospodárske vonkajšie 
610 2 0 |a rast hospodársky 
610 2 0 |a opatrenia 
610 2 0 |a 2005 
100 1 |a Okáli, Ivan